00390nam a22001457a 450000500170000000800410001702200130005804100130007108200130008410000130009724500350011026000480014530000260019365000250021920240416084439.0240416b |||||||| |||| 00| 0 eng d a02582503 aEnglish  a349 SOU  lEnglish  aThe South African Law Journal  aCape Town : bJuta and Company Ltd, c2009  b208 pages ; c25 cm.  aLegal practicebLaw